| 000 | 00484nam a22001817a 4500 | ||
|---|---|---|---|
| 003 | NUST | ||
| 005 | 20220607111754.0 | ||
| 008 | 220607b ||||| |||| 00| 0 eng d | ||
| 020 | _a978-3-030-41030-8 | ||
| 038 | _aMuzammil | ||
| 082 |
_a621.042 _bSCH |
||
| 100 |
_aSchaffarczyk,A.P. _992032 |
||
| 245 |
_aIntroduction to wind turbine aerodynamics\ _cA.P. Schaffarczyk. |
||
| 250 | _a2nd | ||
| 260 |
_aSwitzerland, _bSpringer, _c2020. |
||
| 300 | _axxxiv,291p.; | ||
| 942 |
_2ddc _cBK |
||
| 999 |
_c590136 _d590136 |
||